000 00653cab a2200229 4500
001 WB2911-74
008 090401t1993 xxu||||| |||| 00| 0 eng d
035 _a(Sirsi) u72582
041 _aeng
100 _aStapleton, T.
245 4 _aThe option to tax
260 _c1993
350 _a0
490 _aCSW - The Property Week
_v42(11) 18 March 1993, 70(1)
520 _aLooks at recent events in the field of VAT and property and notes the shift from transaction-based tax to an events-based tax.
650 _aDEVELOPMENT
650 _aINVESTMENT
650 _aVALUE ADDED TAX
690 _aTAXATION
942 _n0
948 _c04/03/1997
999 _c45875
_d45875